000 00858nam0a22002771 4500
001 rc\4106727
005 20220613174954.0
021 _aRU
_b[54-30400]
035 _a(NLR Aleph) 008142629
090 _a9494179
_c9494179
100 _a20130415d1954 |||y0rusy50 ca
101 1 _arus
_cukr
102 _aRU
105 _ay z |||a|
200 1 _aСемен Палий
_e[Роман
_fАвториз. пер. с укр. Л. Шапиро]
210 _aМосква
_cМол. гвардия
_d1954
215 _a336 с.
_d21
600 1 _aПалий
_bС.Ф.
_gСемен Филиппович
_2psbo
700 1 _aМушкетик
_bЮ. М.
_f1929-
_gЮрий Михайлович
702 1 _aШапиро
_bЛ.
_4730
801 0 _aRU
_bNLR
_gpsbo
801 1 _aRU
_bELAR
_2rusmarc
852 _aNLR
_jЛ40 Г-3/1411
942 _cBOOK
980 _aNB